| 000 | 00410 a2200157 4500 | ||
|---|---|---|---|
| 999 |
_c8450 _d8450 |
||
| 020 | _a0627017444 | ||
| 050 | 0 | 0 | _aPL8771.NEF 1996 |
| 100 | 1 |
_aNefefe, Patrick M. _eauthor |
|
| 245 | 1 | 0 |
_aMaanda / _cPatrick M. Nefefe. |
| 264 |
_aWestern Cape: _bJ.L Van Schaik., _c1996 |
||
| 300 | _a25 p. ; | ||
| 500 | _aIn Venda. | ||
| 650 | _aVenda | ||
| 942 |
_2lcc _cBK _h8745 _iNEF _kPL |
||